[Event "Challenge"]
[Site "http://www.queenalice.com/game.php?id=473336"]
[Date "2008.10.6"]
[Round "-"]
[White "Gaelle"]
[Black "RObROb"]
[Result "0-1"]
[WhiteElo "1491"]
[BlackElo "1608"]

1. e4 c5 2. Bc4 e6 3. Qf3 Nc6 4. Ne2 a6 5. b3 Ne5 6. Qg3 Nxc4 7. bxc4 Qf6 8. e5
Qg6 9. d3 Ne7 10. Nf4 Qxg3 11. hxg3 Nc6 12. Nc3 Nxe5 13. Rh5 f5 14. Na4 b5 15.
Nb6 Rb8 16. Nxc8 Rxc8 17. Bb2 Bd6 18. a4 bxc4 19. d4 Nc6 20. d5 Nd4 21. Rd1 e5
22. Nh3 O-O 23. Ng5 h6 24. f4 hxg5 25. fxg5 g6 26. Rh6 Kg7 27. Kd2 Bc7 28. Rdh1
Rh8 29. Kc3 d6 30. Kxc4 Nxc2 31. Rf1 Ne3+ 32. Kd3 Nxf1 33. Ke2 Nxg3+ 34. Kf2
Ne4+ 35. Kf3 Nxg5+ 36. Kg3 Rxh6 0-1

[Event "Challenge"]
[Site "http://www.queenalice.com/game.php?id=485589"]
[Date "2008.10.31"]
[Round "-"]
[White "ZUMBI"]
[Black "RObROb"]
[Result "0-1"]
[WhiteElo "1790"]
[BlackElo "1827"]

1. e4 d6 2. d4 Nf6 3. Nc3 g6 4. Nf3 Bg7 5. Bc4 O-O 6. O-O Nc6 7. d5 Ne5 8. Bf4
Nxc4 9. b4 a6 10. Qd4 b5 11. a4 Nh5 12. e5 Nxf4 13. Qxf4 dxe5 14. Qe4 Bf5 15.
Qe2 e4 16. axb5 axb5 17. Nxb5 exf3 18. Qxc4 Rxa1 19. Rxa1 Bxa1 20. gxf3 Be5 21.
f4 Bd6 22. h4 Qd7 23. Nxd6 cxd6 24. b5 Rc8 25. Qb3 Bxc2 26. Qb4 Rb8 27. Qc4 Bf5
28. Kg2 Qxb5 29. Qc7 Qxd5+ 30. f3 Rb7 31. Qd8+ Kg7 32. h5 gxh5 33. Kg3 Rb3 34.
Kh4 Rxf3 35. Kxh5 Be6+ 36. Kh4 Rh3# 0-1

[Event "Challenge"]
[Site "http://www.queenalice.com/game.php?id=485590"]
[Date "2008.10.31"]
[Round "-"]
[White "RObROb"]
[Black "ZUMBI"]
[Result "1-0"]
[WhiteElo "1763"]
[BlackElo "1744"]

1. e4 e5 2. Nf3 Nc6 3. Bb5 Nd4 4. Nxd4 exd4 5. d3 Nf6 6. O-O Bc5 7. Bg5 O-O 8.
f4 h6 9. Bh4 a6 10. Ba4 b5 11. Bb3 c6 12. e5 Nh7 13. Bxd8 Rxd8 14. Nd2 g6 15.
Ne4 Bb6 16. f5 gxf5 17. Nd6 Ng5 18. Rxf5 a5 19. a3 a4 20. Ba2 Bc5 21. Qg4 Bxd6
22. exd6 Re8 23. Bxf7+ Kf8 24. Bh5+ Nf7 25. Rxf7# 1-0

[Event "Challenge"]
[Site "http://www.queenalice.com/game.php?id=486899"]
[Date "2008.11.2"]
[Round "-"]
[White "a28112811"]
[Black "RObROb"]
[Result "0-1"]
[WhiteElo "1703"]
[BlackElo "1679"]

1. d4 f5 2. Nf3 Nf6 3. Qd3 g6 4. Nc3 Bg7 5. e3 d6 6. Be2 O-O 7. Qd1 Qe8 8. Bd2
e5 9. dxe5 dxe5 10. Nb5 Na6 11. Nc3 Nc5 12. Nb5 Rf7 13. Bc4 Be6 14. Bxe6 Qxe6
15. Bc3 Nfe4 16. O-O c6 17. Na3 Nxc3 18. bxc3 Rd7 19. Qe2 Rad8 20. Ng5 Qd5 21.
c4 Qd2 22. Qe1 e4 23. Qxd2 Rxd2 24. g3 Bxa1 25. Rxa1 Rd1+ 26. Rxd1 Rxd1+ 27. Kg2
Ra1 28. c3 Rxa2 29. Nb1 Nd3 30. Kh3 Nxf2+ 31. Kh4 Ng4 32. h3 Nxe3 33. Ne6 Nxc4
34. Kg5 Rb2 0-1

[Event "Challenge"]
[Site "http://www.queenalice.com/game.php?id=492094"]
[Date "2008.11.12"]
[Round "-"]
[White "Imbolt1"]
[Black "RObROb"]
[Result "0-1"]
[WhiteElo "1659"]
[BlackElo "1879"]

1. e4 d6 2. Bb5+ c6 3. Be2 Nf6 4. d3 g6 5. a3 Bg7 6. c3 b5 7. h3 a6 8. Nd2 O-O
9. g4 Bb7 10. f3 c5 11. Qb3 Nc6 12. c4 Nd4 13. Qd1 Nd7 14. cxb5 axb5 15. b3 Qb6
16. Bb2 Nxf3+ 17. Ngxf3 Bxb2 18. Ra2 Bxa3 19. Qc2 Bb4 20. Rxa8 Rxa8 21. Kf1 Ra1+
22. Kg2 Rxh1 23. Kxh1 Qa5 24. Kg2 f5 25. exf5 Bxd2 26. fxg6 hxg6 27. d4 Kg7 28.
Kg3 Bc3 29. Nh4 Nf8 30. Bd3 Bxd4 31. Qe2 Be5+ 32. Kf2 Bc6 33. Nf3 Bf6 34. g5 e5
35. gxf6+ Kxf6 36. Nd2 Ne6 37. Qe3 Nf4 38. Ne4+ Ke7 39. h4 Qb4 40. Ng5 Nxd3+ 41.
Qxd3 Qxh4+ 42. Qg3 Qxg3+ 43. Kxg3 Kf6 44. Kg4 c4 45. Ne4+ Bxe4 46. b4 c3 0-1

[Event "Challenge"]
[Site "http://www.queenalice.com/game.php?id=500160"]
[Date "2008.11.29"]
[Round "-"]
[White "piemme"]
[Black "RObROb"]
[Result "0-1"]
[WhiteElo "1805"]
[BlackElo "1943"]

1. e4 d6 2. d3 Nf6 3. Be2 g6 4. Nf3 Bg7 5. Bg5 c5 6. c4 Nc6 7. O-O O-O 8. b3
Nxe4 9. Nbd2 Nxg5 10. Nxg5 Bxa1 11. Qxa1 Nd4 12. Bd1 e5 13. Ngf3 Bd7 14. a4 f5
15. h3 Qf6 16. Qb1 a5 17. Kh1 Rae8 18. Re1 Bc6 19. Kg1 h6 20. Nxd4 exd4 21. Bf3
Rxe1+ 22. Qxe1 Re8 23. Qf1 Bxf3 24. Nxf3 Qe6 25. Nh4 Kg7 26. g3 Qe1 27. Qxe1
Rxe1+ 28. Kg2 Rd1 29. g4 fxg4 30. hxg4 Rxd3 31. f3 Rxb3 32. Kg3 Rb4 0-1

[Event "Challenge"]
[Site "http://www.queenalice.com/game.php?id=501789"]
[Date "2008.12.2"]
[Round "-"]
[White "Aguinaldo"]
[Black "RObROb"]
[Result "0-1"]
[WhiteElo "1877"]
[BlackElo "1901"]

1. e4 d6 2. Nf3 Nf6 3. d3 g6 4. Be2 Bg7 5. Bg5 c5 6. Nc3 h6 7. Bxf6 Bxf6 8. Rb1
Nd7 9. Nd5 Bg7 10. Nh4 e6 11. Nxg6 fxg6 12. Bh5 O-O 13. Bxg6 exd5 14. exd5 Ne5
15. Be4 Qg5 16. Qd2 Qxd2+ 17. Kxd2 Rxf2+ 18. Ke1 Rf6 19. h3 a5 20. c4 Bd7 21.
Ke2 Raf8 22. Rhf1 Rxf1 23. Rxf1 Rxf1 24. Kxf1 Nc6 25. a3 Kf7 26. Kf2 Bxb2 27. a4
Kf6 28. h4 Bf5 29. Bxf5 Kxf5 30. Kf3 Nd4+ 0-1

[Event "Challenge"]
[Site "http://www.queenalice.com/game.php?id=509810"]
[Date "2008.12.18"]
[Round "-"]
[White "DenisDiaz"]
[Black "RObROb"]
[Result "0-1"]
[WhiteElo "1994"]
[BlackElo "1969"]

1. e4 d6 2. Nf3 Nf6 3. Nc3 g6 4. b3 Bg7 5. Bb2 O-O 6. d4 c5 7. dxc5 Qa5 8. Qd2
Qxc5 9. Bd3 Bg4 10. Ng1 Nc6 11. f3 Bd7 12. Nge2 a6 13. Rb1 Rac8 14. Na4 Qa7 15.
c4 Ne5 16. Bd4 Qb8 17. Nb6 Rcd8 18. Nxd7 Nfxd7 19. Bc2 b5 20. cxb5 Qxb5 21. O-O
Rc8 22. f4 Ng4 23. Bd3 Bxd4+ 24. Nxd4 Qb6 25. Be2 Ngf6 26. Qe3 e5 27. fxe5 dxe5
28. Nc2 Nxe4 29. Qxb6 Nxb6 30. Nb4 a5 31. Nd3 Nd2 32. Nxe5 Nxb1 33. Rxb1 Rfe8
0-1

[Event "Challenge"]
[Site "http://www.queenalice.com/game.php?id=523571"]
[Date "2009.1.16"]
[Round "-"]
[White "waldi"]
[Black "RObROb"]
[Result "1-0"]
[WhiteElo "1870"]
[BlackElo "2037"]

1. Nf3 d5 2. g3 c5 3. Bg2 Nc6 4. O-O e5 5. d3 Nf6 6. Bg5 Be7 7. Nbd2 Be6 8. Rc1
h6 9. Bxf6 gxf6 10. a3 f5 11. e3 e4 12. dxe4 fxe4 13. Ne1 f5 14. Qh5+ Kd7 15. c4
d4 16. Nc2 d3 17. Ne1 Bg5 18. h4 Bf6 19. Rb1 Ne5 20. b3 Qe7 21. Qd1 Ng4 22. Bh3
h5 23. Ng2 Rag8 24. Qe1 Rh7 25. f3 Nxe3 26. Nxe3 Bxh4 27. Nxf5 Qf7 28. fxe4 Qg6
29. Rf3 1-0

[Event "Challenge"]
[Site "http://www.queenalice.com/game.php?id=533522"]
[Date "2009.2.2"]
[Round "-"]
[White "RafaelCabral"]
[Black "RObROb"]
[Result "0-1"]
[WhiteElo "2156"]
[BlackElo "2008"]

1. e4 c5 2. Nf3 Nc6 3. d4 cxd4 4. Nxd4 Nf6 5. Nc3 e5 6. Ndb5 d6 7. Bg5 a6 8. Na3
b5 9. Bxf6 gxf6 10. Nd5 f5 11. Bxb5 axb5 12. Nxb5 Ra4 13. Nbc7+ Kd7 14. Qh5
Rxe4+ 15. Kd1 Rd4+ 16. Kc1 Ne7 17. Qxf7 Bh6+ 18. Kb1 Qf8 19. Qe6+ Kc6 20. Nxe7+
Kxc7 21. Nxc8 Bg5 22. Na7 Kb6 23. Qd7 Qa8 24. Qxf5 h6 25. h4 Bxh4 26. a4 Rf8 27.
Qh5 Qxg2 28. Rxh4 Qf1+ 29. Ka2 Qc4+ 0-1

[Event "Challenge"]
[Site "http://www.queenalice.com/game.php?id=533523"]
[Date "2009.2.2"]
[Round "-"]
[White "RafaelCabral"]
[Black "RObROb"]
[Result "1-0"]
[WhiteElo "2150"]
[BlackElo "2054"]

1. e4 d6 2. d4 Nf6 3. Nc3 g6 4. Bc4 Bg7 5. Nf3 O-O 6. Bg5 Nxe4 7. Nxe4 d5 8. Bd3
dxe4 9. Bxe4 f5 10. Bd3 h6 11. Bd2 Nc6 12. c3 e5 13. Bc4+ Kh7 14. dxe5 Nxe5 15.
Nxe5 Bxe5 16. O-O b6 17. Qf3 Rb8 18. Rad1 Bb7 19. Qh3 g5 20. Bf4 Qf6 21. Rd7+
Kg6 22. g4 fxg4 23. Bd3+ Qf5 24. Bxf5+ Rxf5 25. Qd3 Bxf4 26. Rf7 Kxf7 27. Qxf5+
Kg7 28. Re1 Bd6 29. Re6 Rf8 30. Qg6+ Kh8 31. Qxh6+ Kg8 32. Qxg5+ Kf7 33. Qf5+
1-0

[Event "Challenge"]
[Site "http://www.queenalice.com/game.php?id=542696"]
[Date "2009.2.18"]
[Round "-"]
[White "RObROb"]
[Black "jayuk"]
[Result "1-0"]
[WhiteElo "2023"]
[BlackElo "1993"]

1. e4 e5 2. Nf3 Nc6 3. Bb5 Nf6 4. O-O Bc5 5. c3 O-O 6. Re1 d6 7. h3 Bb6 8. d4
exd4 9. cxd4 a6 10. Ba4 Ba5 11. Nc3 b5 12. Bb3 Bxc3 13. bxc3 h6 14. a4 b4 15. d5
Na5 16. cxb4 Nxb3 17. Qxb3 Rb8 18. Bb2 a5 19. b5 Ba6 20. Nd4 c5 21. Nc6 Qc7 22.
Bxf6 gxf6 23. Qg3+ Kh7 24. Nxb8 Bxb5 25. axb5 Qxb8 26. Rxa5 Qb6 27. Ra6 Qxb5 28.
Qxd6 Rg8 29. Qxf6 1-0

[Event "Challenge"]
[Site "http://www.queenalice.com/game.php?id=556216"]
[Date "2009.3.14"]
[Round "-"]
[White "Imbolt1"]
[Black "RObROb"]
[Result "0-1"]
[WhiteElo "1721"]
[BlackElo "2030"]

1. b4 c6 2. Bb2 a5 3. c3 e5 4. Ba3 d5 5. h3 f5 6. h4 Nf6 7. f3 Bd6 8. e3 O-O 9.
g3 Be6 10. h5 Qe7 11. h6 g6 12. Qc2 Nbd7 13. d3 e4 14. dxe4 Bxg3+ 15. Kd1 Bd6
16. Bh3 dxe4 17. f4 axb4 18. Bxb4 Bxb4 19. cxb4 Nd5 20. Qd2 Nxb4 21. a3 Nc5 22.
Qxb4 Ra4 23. Qc3 Rd8+ 24. Kc2 Rc4 25. Ne2 Qd6 26. Nd2 Qxd2+ 0-1

[Event "Challenge"]
[Site "http://www.queenalice.com/game.php?id=570332"]
[Date "2009.4.11"]
[Round "-"]
[White "RObROb"]
[Black "toldowisk"]
[Result "0-1"]
[WhiteElo "2044"]
[BlackElo "2136"]

1. e4 e5 2. Nf3 Nc6 3. Bb5 a6 4. Ba4 Nf6 5. O-O Be7 6. Re1 b5 7. Bb3 O-O 8. h3
d5 9. exd5 Na5 10. Nxe5 Bb7 11. Nc3 Nxb3 12. axb3 Nxd5 13. d4 c5 14. Qe2 cxd4
15. Ne4 Qc7 16. Nf3 f5 17. Neg5 Bxg5 18. Nxg5 Qc6 19. Qe6+ Qxe6 20. Nxe6 Rfe8
21. Bd2 d3 22. cxd3 Kf7 23. Ng5+ Kg8 24. Nf3 Rxe1+ 25. Rxe1 Kf8 26. Rc1 Rd8 27.
Ne5 Ke8 28. Kf1 Rc8 29. Rxc8+ Bxc8 30. Ke2 Ke7 31. d4 Bb7 32. f3 g6 33. h4 Ke6
34. Kd3 Ba8 35. Ke2 Ke7 36. Nd3 Bb7 37. Nc5 Bc8 38. Bh6 Kf7 39. Bg5 Ke8 40. Kd3
Kf7 41. Kd2 Ke8 0-1

[Event "Challenge"]
[Site "http://www.queenalice.com/game.php?id=572004"]
[Date "2009.4.14"]
[Round "-"]
[White "garca"]
[Black "RObROb"]
[Result "0-1"]
[WhiteElo "1804"]
[BlackElo "1999"]

1. e4 c5 2. Nc3 Nc6 3. d3 d6 4. h3 g6 5. Bd2 Bg7 6. Nf3 Nf6 7. Be2 O-O 8. O-O a6
9. a3 b5 10. Nh2 e5 11. Ng4 Nxg4 12. Bxg4 f5 13. exf5 gxf5 14. Bf3 Bd7 15. Qc1
Ra7 16. Bh6 Nd4 17. Bxg7 Nxf3+ 18. gxf3 Kxg7 19. Kh2 Bc6 20. Rg1+ Kh8 21. Qe3
Qh4 22. Rg2 Rg7 23. Rxg7 Kxg7 24. Rg1+ Kf7 25. Rg3 f4 0-1

[Event "Challenge"]
[Site "http://www.queenalice.com/game.php?id=588863"]
[Date "2009.5.15"]
[Round "-"]
[White "RObROb"]
[Black "garca"]
[Result "1-0"]
[WhiteElo "2012"]
[BlackElo "1810"]

1. e4 e5 2. Nf3 d6 3. Bc4 h6 4. Nc3 Nc6 5. h3 Nf6 6. Qe2 Be7 7. O-O Bd7 8. a4 a6
9. d3 O-O 10. Be3 Qc8 11. Kh2 Be6 12. Bd5 Bxd5 13. Nxd5 Qd7 14. c4 Nh7 15. g4
Bg5 16. b4 Bxe3 17. fxe3 Ne7 18. Nc3 f6 19. Nh4 g5 20. Nf5 Nxf5 21. exf5 c6 22.
Ne4 Kf7 23. a5 Rh8 24. c5 d5 25. Nd6+ Ke7 26. e4 d4 27. Qa2 Rab8 28. Qf7+ Kd8
29. Qg6 Kc7 30. Qxh6 Qe7 31. Kg3 Rbg8 32. Qh5 Rg7 33. Rh1 Rd8 34. h4 Nf8 35.
hxg5 fxg5 36. Raf1 Rh7 37. f6 Qd7 38. Qxg5 Ne6 39. Qf5 Nf4 40. Rxh7 1-0